000 00602nam a2200193 a 4500
001 000043084
005 20201002040627.0
008 140218s1992 nyu 001 0 spa d
020 _a0449908704
040 _aDO-SdBNP
_bspa
_cBNPHU
082 _axxx
_bxxx
100 1 _aHalberstam, David.
_970611
245 1 0 _aThe Best and the Brightest /
_cDavid Halberstam ; foreword by John McCain.
260 _aNew York :
_bBallantine Books,
_c1992.
300 _axx, 688 p. ;
_c24 cm.
500 _aTwentieth-anniversary edition
504 _aBibliography : p. 673-678
700 1 2 _aMcCain, John
_eprĂ³l.
_970612
999 _c42573
_d42573